[Event "zonal 1.4 (w)"]
[Site "Nadole POL"]
[Date "1995.06.??"]
[Round "5"]
[White "Dojkova, Galina"]
[Black "Ciganikova, Andrea"]
[Result "1-0"]
[WhiteElo "2155"]
[BlackElo "2115"]
[EventDate "1995.06.03"]
[PlyCount "83"]

1.e4 c5 2.Nf3 Nc6 3.d4 cxd4 4.Nxd4 Nf6 5.Nc3 e5 6.Ndb5 d6 7.Bg5 a6 8.Na3 
b5 9.Bxf6 gxf6 10.Nd5 Bg7 11.Bd3 Ne7 12.Nxe7 Qxe7 13.O-O O-O 14.c3 f5 15.
exf5 e4 16.Re1 Bxf5 17.Nc2 Bg6 18.a4 bxa4 19.Nb4 a5 20.Nd5 Qe5 21.Bf1 Rfb8
22.f4 Qe8 23.Nc7 Qc6 24.Nxa8 Rxa8 25.Rxa4 Rb8 26.Rc4 Qb6+ 27.Kh1 Qxb2 28.
Qxd6 a4 29.Rxa4 Bxc3 30.Rea1 Qb7 31.Qxb8+ Qxb8 32.Ra8 Qxa8 33.Rxa8+ Kg7 
34.Be2 f5 35.Kg1 Kf7 36.Kf1 Ke6 37.Bc4+ Kd6 38.Ra7 Kc5 39.Bf7 Kd4 40.Ke2 
e3 41.Bxg6 hxg6 42.Ra6 1-0

[Event "zonal 1.4 (w)"]
[Site "Nadole POL"]
[Date "1995.06.??"]
[Round "6"]
[White "Repkova, Eva"]
[Black "Nutu-Gajic, Daniela"]
[Result "1-0"]
[WhiteElo "2250"]
[BlackElo "2320"]
[EventDate "1995.06.03"]
[PlyCount "71"]

1.e4 c5 2.Nf3 d6 3.d4 Nf6 4.Nc3 cxd4 5.Nxd4 Nc6 6.Bg5 e6 7.Qd2 a6 8.O-O-O 
Bd7 9.f4 b5 10.Qe1 Nxd4 11.Rxd4 Qb6 12.Qd2 Bc6 13.a3 a5 14.e5 dxe5 15.fxe5
Bc5 16.Rd3 Ng4 17.Nxb5 O-O 18.Rg3 Nxe5 19.a4 f6 20.Bh6 Rf7 21.Bf4 Rd7 22.
Qe2 Rad8 23.Rb3 Bd5 24.Rg3 Bc4 25.Qh5 Rd5 26.Bxc4 Nxc4 27.Qg4 R8d7 28.Qe2 
Qc6 29.b3 Ne5 30.Nc3 Ba3+ 31.Kb1 Rd4 32.Bxe5 fxe5 33.Qxe5 Bb4 34.Kb2 Rd2 
35.Rf1 Rc7 36.Rxg7+ 1-0

[Event "zonal 1.4 (w)"]
[Site "Nadole POL"]
[Date "1995.06.??"]
[Round "6"]
[White "Holoubkova, Martina"]
[Black "Aleksieva, Silvia"]
[Result "0-1"]
[WhiteElo "2230"]
[BlackElo "2255"]
[EventDate "1995.06.03"]
[PlyCount "62"]

1.e4 c5 2.Nf3 d6 3.Nc3 Nf6 4.d4 cxd4 5.Nxd4 Nc6 6.Be3 e5 7.Nb3 Be6 8.Be2 
Be7 9.O-O O-O 10.f4 exf4 11.Bxf4 Ne5 12.Kh1 a6 13.a4 Rc8 14.a5 Nc4 15.Bxc4
Rxc4 16.Qe2 Rb4 17.Nd5 Nxd5 18.exd5 Bxd5 19.Qd2 Rb5 20.Nd4 Rc5 21.b4 Rc8 
22.Ra3 Be4 23.Rg3 Kh8 24.Qe2 Bg6 25.Qg4 Bf6 26.Nf5 Be5 27.Bxe5 dxe5 28.Rd1
Qc7 29.h4 Qc4 30.Nd6 Qxg4 31.Rxg4 Bh5 0-1

[Event "zonal 1.4 (w)"]
[Site "Nadole POL"]
[Date "1995.06.??"]
[Round "6"]
[White "Guzkowska, Magdalena"]
[Black "Chilingirova, Pavlina"]
[Result "1-0"]
[WhiteElo "2155"]
[BlackElo "2245"]
[EventDate "1995.06.03"]
[PlyCount "91"]

1.c4 c5 2.g3 Nc6 3.Nc3 g6 4.Bg2 Bg7 5.e3 Nh6 6.Nge2 Nf5 7.d3 Rb8 8.O-O b6 
9.Rb1 Bb7 10.a3 Ne5 11.e4 Nd6 12.f4 Nc6 13.Be3 e6 14.b4 Nd4 15.Na2 Qc8 16.
Bxd4 cxd4 17.Nac1 f5 18.e5 Bxg2 19.Kxg2 Nf7 20.Nb3 Qb7+ 21.Kg1 g5 22.Nbxd4
Rg8 23.Nf3 gxf4 24.Nxf4 Nxe5 25.Nxe5 Bxe5 26.d4 Bxf4 27.Rxf4 Rg7 28.d5 Ke7
29.d6+ Kf7 30.Qh5+ Kg8 31.Qe2 Qc6 32.Rd1 Qa4 33.Rd3 a5 34.b5 Rc8 35.Rc3 
Rc5 36.Kf2 Rf7 37.Rd4 e5 38.Rd2 Rf8 39.Rdc2 Rfc8 40.Qh5 Rxc4 41.Qg5+ Kh8 
42.Rxc4 Rxc4 43.Qd8+ Kg7 44.Qxd7+ Kh8 45.Qe8+ Kg7 46.Qxe5+ 1-0

[Event "zonal 1.4 (w)"]
[Site "Nadole POL"]
[Date "1995.06.??"]
[Round "6"]
[White "Ptacnikova, Lenka"]
[Black "Dojkova, Galina"]
[Result "1-0"]
[WhiteElo "2185"]
[BlackElo "2155"]
[EventDate "1995.06.03"]
[PlyCount "63"]

1.e4 e6 2.d3 d5 3.Nd2 c5 4.Ngf3 Nc6 5.g3 g6 6.Bg2 Bg7 7.O-O Nge7 8.Re1 Qc7
9.c3 b6 10.Qe2 a5 11.e5 g5 12.Nxg5 Qxe5 13.Ndf3 Qxe2 14.Rxe2 Ba6 15.Rd2 a4
16.Rd1 O-O 17.Rb1 b5 18.Be3 d4 19.cxd4 cxd4 20.Bf4 Rac8 21.Ne4 Nd5 22.Nc5 
Nxf4 23.Nxa6 Nxg2 24.Kxg2 e5 25.Rbc1 Ne7 26.Nc7 b4 27.Rc4 e4 28.dxe4 d3 
29.Rxd3 Bxb2 30.Rxb4 a3 31.Nb5 Rb8 32.Rbb3 1-0

[Event "zonal 1.4 (w)"]
[Site "Nadole POL"]
[Date "1995.06.??"]
[Round "6"]
[White "Kiss, Fernanda"]
[Black "Ciganikova, Andrea"]
[Result "0-1"]
[WhiteElo "2170"]
[BlackElo "2115"]
[EventDate "1995.06.03"]
[PlyCount "102"]

1.e4 c5 2.Nf3 Nc6 3.d4 cxd4 4.Nxd4 Nf6 5.Nc3 e5 6.Ndb5 d6 7.Nd5 Nxd5 8.
exd5 Nb8 9.c4 Be7 10.Bd3 O-O 11.O-O a6 12.Nc3 f5 13.f3 Bf6 14.Be3 g5 15.
Qc2 Bg7 16.Na4 e4 17.fxe4 f4 18.Bb6 Qe7 19.c5 Nd7 20.cxd6 Qxd6 21.Bc7 Qh6 
22.Rae1 b5 23.Qc6 Qxc6 24.dxc6 bxa4 25.cxd7 Bxd7 26.Bc4+ Kh8 27.Bd5 Rac8 
28.Bd6 Bd4+ 29.Kh1 Bb5 30.Bxf8 Bxf1 31.Bh6 Bb5 32.Bxg5 Be5 33.b3 a3 34.h4 
Rc2 35.b4 Bc4 36.Bh6 Bxa2 37.Rd1 Bxd5 38.Rxd5 Bf6 39.e5 a2 40.Rd1 Bxh4 41.
Kh2 Kg8 42.Kh3 Be7 43.Kg4 Kf7 44.Kf5 Bxb4 45.Bg5 Be7 46.e6+ Ke8 47.Bxf4 
Rc5+ 48.Be5 Bd6 49.Ra1 Rxe5+ 50.Kf6 Re2 51.Rc1 Be5+ 0-1

[Event "zonal 1.4 (w)"]
[Site "Nadole POL"]
[Date "1995.06.??"]
[Round "7"]
[White "Aleksieva, Silvia"]
[Black "Bobrowska, Monika"]
[Result "1/2-1/2"]
[WhiteElo "2255"]
[BlackElo "2310"]
[EventDate "1995.06.03"]
[PlyCount "66"]

1.d4 Nf6 2.Nc3 d5 3.Bg5 e6 4.e4 Be7 5.e5 Nfd7 6.Bxe7 Qxe7 7.Qg4 f5 8.Qf4 
a6 9.Nd1 c5 10.c3 Nc6 11.Nf3 Nb6 12.Rc1 cxd4 13.cxd4 Bd7 14.h4 O-O 15.Bd3 
Qb4+ 16.Kf1 Rac8 17.g4 fxg4 18.Qxg4 Nxe5 19.Bxh7+ Kxh7 20.Qh5+ Kg8 21.Ng5 
Rxf2+ 22.Nxf2 Rxc1+ 23.Kg2 Rxh1 24.Kxh1 Qxd4 25.Qh7+ Kf8 26.Qh8+ Ke7 27.
Qxg7+ Kd6 28.Nf7+ Kc5 29.Nxe5 Qxh4+ 30.Kg2 Kd6 31.Nf7+ Ke7 32.Ng5+ Kd6 33.
Nf7+ Ke7 1/2-1/2

[Event "zonal 1.4 (w)"]
[Site "Nadole POL"]
[Date "1995.06.??"]
[Round "7"]
[White "Radu, Elena-Luminita"]
[Black "Krupkova, Petra"]
[Result "1/2-1/2"]
[WhiteElo "2330"]
[BlackElo "2195"]
[EventDate "1995.06.03"]
[PlyCount "53"]

1.e4 e5 2.Nc3 Nf6 3.g3 Nc6 4.Bg2 Bc5 5.d3 a6 6.Nf3 d6 7.Be3 Bxe3 8.fxe3 
O-O 9.Qe2 Be6 10.O-O h6 11.Nh4 g6 12.d4 Bg4 13.Qf2 Nh7 14.h3 Bd7 15.Rad1 
Kg7 16.g4 f6 17.Ne2 Ne7 18.Ng3 a5 19.Kh2 b6 20.Bf3 Qc8 21.Be2 Qb7 22.Qg2 
Rae8 23.Nf3 Qc8 24.Ne1 Kh8 25.Nd3 Be6 26.b3 c5 27.d5 1/2-1/2

[Event "zonal 1.4 (w)"]
[Site "Nadole POL"]
[Date "1995.06.??"]
[Round "7"]
[White "Lakos, Nikoletta"]
[Black "Repkova, Eva"]
[Result "0-1"]
[WhiteElo "2265"]
[BlackElo "2250"]
[EventDate "1995.06.03"]
[PlyCount "142"]

1.e4 e6 2.d4 d5 3.Nd2 Nf6 4.e5 Nfd7 5.Bd3 c5 6.c3 Nc6 7.Ne2 cxd4 8.cxd4 f6
9.exf6 Nxf6 10.Nf3 Bd6 11.O-O Qc7 12.h3 O-O 13.Bg5 Nh5 14.Qc2 g6 15.Bh6 
Rf6 16.Bg5 Rf7 17.Bb5 Bd7 18.Rac1 Raf8 19.Qd3 Ng7 20.Bh6 Rf5 21.Ng5 Qd8 
22.Qe3 e5 23.Bxc6 bxc6 24.g4 exd4 25.Qxd4 R5f6 26.Kg2 Qe7 27.Ng3 Bf4 28.
Rce1 Qd6 29.Qd3 Bxg5 30.Bxg5 R6f7 31.Bh6 Qf6 32.Qd2 Rb8 33.Bxg7 Kxg7 34.b3
c5 35.f3 Bc6 36.Rf2 Rb4 37.g5 Qf4 38.Qxf4 Rbxf4 39.Rc1 d4 40.Rxc5 Bxf3+ 
41.Kg1 d3 42.Rc3 Rd4 43.Rd2 Rfd7 44.Kf2 Bb7 45.Ke3 R4d5 46.Rcxd3 Re7+ 47.
Kf2 Rf7+ 48.Kg1 Rxg5 49.Kh2 Bc6 50.Rd6 Rc5 51.R6d4 Rc1 52.h4 h5 53.Re2 Kh6
54.Red2 Rf3 55.Ne4 Re1 56.Nf2 Rf1 57.Ne4 Rf4 58.Ng5 Rh1+ 59.Kg3 Rff1 60.
Rd6 Rfg1+ 61.Kf2 Rg2+ 62.Ke3 Rxh4 63.Rxc6 Rxg5 64.Ra6 Re5+ 65.Kd3 Re7 66.
Rg2 Rg4 67.Rh2 h4 68.Rd6 Kh5 69.Kd2 g5 70.Rd8 Rg3 71.b4 h3 0-1

[Event "zonal 1.4 (w)"]
[Site "Nadole POL"]
[Date "1995.06.??"]
[Round "7"]
[White "Olarasu, Gabriela"]
[Black "Holoubkova, Martina"]
[Result "0-1"]
[WhiteElo "2270"]
[BlackElo "2230"]
[EventDate "1995.06.03"]
[PlyCount "132"]

1.d4 Nf6 2.c4 g6 3.Nc3 Bg7 4.e4 d6 5.Nf3 O-O 6.Be3 c5 7.dxc5 Qa5 8.Qd2 
dxc5 9.e5 Rd8 10.Qc2 Bf5 11.Qa4 Qxa4 12.Nxa4 Ne4 13.Nxc5 Nc6 14.Nxe4 Bxe4 
15.Nd2 Bf5 16.f4 Nb4 17.Kf2 f6 18.Nf3 fxe5 19.Nxe5 Nc2 20.Rc1 g5 21.g3 Be4
22.Bd3 Bxh1 23.Bxc2 gxf4 24.gxf4 Bxe5 25.Rxh1 Bd4 26.Rg1+ Kh8 27.Rg5 h6 
28.Rg6 Bxe3+ 29.Kxe3 Rd6 30.Rxd6 exd6 31.Be4 Re8 32.Kd4 Re7 33.h4 Rf7 34.
Ke3 Kg7 35.b4 Kf6 36.c5 dxc5 37.bxc5 Rc7 38.Kd4 Rd7+ 39.Ke3 Rg7 40.h5 Ke6 
41.Kd4 Rd7+ 42.Ke3 Kf6 43.a4 a5 44.Bg2 Rg7 45.Be4 Rg3+ 46.Bf3 Kf5 47.Kf2 
Kxf4 48.Bxb7 Rc3 49.c6 Rc2+ 50.Ke1 Ke3 51.Kd1 Rc4 52.Ba6 Rxc6 53.Bb5 Rc5 
54.Be8 Kd3 55.Bg6+ Kc3 56.Kc1 Kb3+ 57.Kb1 Kxa4 58.Kb2 Kb4 59.Ka2 a4 60.Kb2
a3+ 61.Ka2 Re5 62.Kb1 Re1+ 63.Ka2 Re2+ 64.Ka1 a2 65.Bc2 Ka3 66.Bd1 Rg2 0-1

[Event "zonal 1.4 (w)"]
[Site "Nadole POL"]
[Date "1995.06.??"]
[Round "7"]
[White "Ciganikova, Andrea"]
[Black "Grabics, Monika"]
[Result "1/2-1/2"]
[WhiteElo "2115"]
[BlackElo "2315"]
[EventDate "1995.06.03"]
[PlyCount "127"]

1.e4 c5 2.Nf3 Nc6 3.d4 cxd4 4.Nxd4 Nf6 5.Nc3 d6 6.Bc4 Na5 7.Bb5+ Bd7 8.
Bxd7+ Qxd7 9.O-O e6 10.Qd3 Be7 11.b3 O-O 12.Nce2 d5 13.exd5 Nxd5 14.c4 Nb4
15.Qc3 Nac6 16.Nxc6 Nxc6 17.Bb2 Bf6 18.Qc1 e5 19.Rd1 Qg4 20.f3 Qg6 21.Qb1 
e4 22.fxe4 Bxb2 23.Qxb2 Qxe4 24.Ng3 Qg6 25.Rd7 Rad8 26.Rxb7 Nd4 27.Rf1 Qc6
28.Rxa7 Qb6 29.Ra4 Ne2+ 30.Kh1 Nxg3+ 31.hxg3 Qh6+ 32.Kg1 Rd2 33.Qc3 Rfd8 
34.c5 Qc6 35.Qf3 Qxc5+ 36.Kh2 f6 37.Ra8 Rxa8 38.Qxa8+ Kf7 39.Qb7+ Kg8 40.
Qa8+ Kf7 41.Qf3 Rxa2 42.b4 Qc4 43.Re1 Kg8 44.Qb7 h6 45.Re7 Kh8 46.Re8+ Kh7
47.Qf3 Qc2 48.Qd5 Rb2 49.b5 Rb1 50.Qg8+ Kg6 51.Re7 Rh1+ 52.Kxh1 Qd1+ 53.
Kh2 Qh5+ 54.Kg1 Qc5+ 55.Kf1 Qxe7 56.Qc4 Qe3 57.Qe2 Qc1+ 58.Kf2 Qc5+ 59.Kf3
Qf5+ 60.Ke3 Qe5+ 61.Kd2 Qb2+ 62.Kd1 Qb1+ 63.Kd2 Qb2+ 64.Kd1 1/2-1/2

[Event "zonal 1.4 (w)"]
[Site "Nadole POL"]
[Date "1995.06.??"]
[Round "7"]
[White "Leszner, Liliana"]
[Black "Ptacnikova, Lenka"]
[Result "0-1"]
[WhiteElo "2205"]
[BlackElo "2185"]
[EventDate "1995.06.03"]
[PlyCount "88"]

1.e4 c5 2.Nf3 Nc6 3.b3 Nf6 4.d3 g6 5.Bb2 Bg7 6.g3 O-O 7.Bg2 d6 8.O-O Rb8 
9.Nh4 e5 10.Nd2 d5 11.exd5 Nxd5 12.Ne4 b6 13.Qe1 Nd4 14.Qd2 Bb7 15.c3 Ne6 
16.Qe2 f5 17.Nd2 Nef4 18.gxf4 Nxf4 19.Qe3 Qxh4 20.Bxb7 Rxb7 21.Kh1 Rd7 22.
d4 exd4 23.cxd4 cxd4 24.Qf3 Be5 25.Nc4 Bb8 26.Ba3 Ne6 27.Qg2 Nc5 28.Rae1 
Rfd8 29.Ne5 Bxe5 30.Rxe5 Nd3 31.Rb5 Qf6 32.Rd1 a6 33.Rxb6 Qxb6 34.Rxd3 Re8
35.Qf3 Qa5 36.Bb2 Qe1+ 37.Kg2 Re4 38.Rd1 Qe2 39.Qxe2 Rxe2 40.Rxd4 Rxd4 41.
Bxd4 Rxa2 42.b4 Kf7 43.Kf3 Ra3+ 44.Kf4 Rh3 0-1

[Event "zonal 1.4 (w)"]
[Site "Nadole POL"]
[Date "1995.06.??"]
[Round "7"]
[White "Dojkova, Galina"]
[Black "Kiss, Fernanda"]
[Result "1-0"]
[WhiteElo "2155"]
[BlackElo "2170"]
[EventDate "1995.06.03"]
[PlyCount "57"]

1.e4 c5 2.Nf3 e6 3.d4 cxd4 4.Nxd4 Nf6 5.Bd3 Nc6 6.Be3 d5 7.Nxc6 bxc6 8.e5 
Nd7 9.f4 Nc5 10.O-O Nxd3 11.cxd3 Be7 12.d4 O-O 13.Nc3 Qb6 14.Na4 Qb5 15.
Rf3 Rb8 16.Rh3 Ba6 17.Rc1 Rfc8 18.b3 Qa5 19.f5 exf5 20.Qh5 h6 21.Qxf5 Ba3 
22.Rc3 Bb2 23.Rxh6 Bxc3 24.Qh7+ Kf8 25.Qh8+ Ke7 26.Qxg7 Rg8 27.Bg5+ Kd7 
28.Qxf7+ Kc8 29.Rxc6+ 1-0

[Event "zonal 1.4 (w)"]
[Site "Nadole POL"]
[Date "1995.06.??"]
[Round "8"]
[White "Peptan, Corina-Isabela"]
[Black "Stefanova, Antoaneta"]
[Result "1/2-1/2"]
[WhiteElo "2295"]
[BlackElo "2365"]
[EventDate "1995.06.03"]
[PlyCount "87"]

1.e4 g6 2.d4 c6 3.Nc3 d5 4.Bf4 dxe4 5.Nxe4 Bg7 6.Nf3 Nh6 7.c3 O-O 8.Bd3 
Bg4 9.h3 Bxf3 10.Qxf3 Nd7 11.O-O e5 12.dxe5 Nxe5 13.Bxe5 Bxe5 14.Rad1 Qc7 
15.Rfe1 Rad8 16.g3 Kg7 17.Ng5 Rfe8 18.Bc4 Rxd1 19.Rxd1 Qe7 20.h4 Bf6 21.
Qf4 Qe5 22.Qxe5 Rxe5 23.Rd7 Re7 24.Rxe7 Bxe7 25.Kg2 f5 26.f3 Ng8 27.Ne6+ 
Kf6 28.f4 Nh6 29.Ng5 Ng4 30.Kf3 h5 31.Ne6 a5 32.a4 b5 33.axb5 cxb5 34.Ba2 
Bd6 35.Nd4 b4 36.Nc6 bxc3 37.bxc3 a4 38.Nd4 Bc5 39.Nb5 Ne3 40.Nc7 Bb6 41.
Na8 Bc5 42.Nc7 Bb6 43.Na8 Bc5 44.Nc7 1/2-1/2

[Event "zonal 1.4 (w)"]
[Site "Nadole POL"]
[Date "1995.06.??"]
[Round "8"]
[White "Grabics, Monika"]
[Black "Dojkova, Galina"]
[Result "1-0"]
[WhiteElo "2315"]
[BlackElo "2155"]
[EventDate "1995.06.03"]
[PlyCount "79"]

1.e4 e6 2.d4 d5 3.Nc3 Nf6 4.e5 Nfd7 5.f4 c5 6.Nf3 Nc6 7.Be3 cxd4 8.Nxd4 
Bc5 9.Qd2 O-O 10.O-O-O a6 11.h4 Bxd4 12.Bxd4 b5 13.Ne2 b4 14.Bf2 a5 15.Nd4
Nxd4 16.Bxd4 Ba6 17.g4 Bxf1 18.Rdxf1 f5 19.exf6 Nxf6 20.Rhg1 Ne4 21.Qe3 a4
22.Kb1 Rc8 23.Rg2 Qc7 24.Bb6 Qc4 25.Qd3 a3 26.Qxc4 Rxc4 27.f5 axb2 28.Kxb2
Nc3 29.Bg1 exf5 30.gxf5 Rxh4 31.f6 g6 32.a3 Na4+ 33.Kb3 bxa3 34.Kxa3 Rc4 
35.Rgf2 Nc3 36.f7+ Kg7 37.Bh2 Ne4 38.Be5+ Kh6 39.Rh2+ Kg5 40.Rg2+ 1-0

[Event "zonal 1.4 (w)"]
[Site "Nadole POL"]
[Date "1995.06.??"]
[Round "8"]
[White "Chilingirova, Pavlina"]
[Black "Leszner, Liliana"]
[Result "1-0"]
[WhiteElo "2245"]
[BlackElo "2205"]
[EventDate "1995.06.03"]
[PlyCount "165"]

1.d4 Nf6 2.c4 c5 3.d5 e6 4.Nc3 exd5 5.cxd5 d6 6.e4 g6 7.Bb5+ Bd7 8.a4 a6 
9.Bd3 Bg7 10.Nf3 O-O 11.O-O Re8 12.Bf4 Bg4 13.h3 Bxf3 14.Qxf3 Nh5 15.Be3 
Nd7 16.Qe2 Ne5 17.Bc2 Qh4 18.Rfe1 Nf4 19.Qf1 g5 20.Kh1 Qh6 21.g3 Nxh3 22.
Kg2 Nf4+ 23.gxf4 gxf4 24.Qh1 Qxh1+ 25.Kxh1 fxe3 26.Rxe3 Ng6 27.Ne2 Be5 28.
Rg1 Kh8 29.a5 Rab8 30.Rb3 Rec8 31.f4 Bd4 32.Rf1 c4 33.Rb4 Be3 34.e5 dxe5 
35.Bxg6 hxg6 36.fxe5 Kg7 37.Rd1 Rc5 38.Kg2 Rxa5 39.Rxc4 Rd8 40.Nc3 b5 41.
Re4 Bg5 42.Rg4 Be3 43.d6 b4 44.Nd5 Bc5 45.Ne7 Ra2 46.Nf5+ Kf8 47.Rh1 Rxb2+
48.Kg3 Ke8 49.Ne7 Kd7 50.Rf1 Rb3+ 51.Kf4 Rd3 52.Kg5 Re3 53.Kf6 a5 54.Rc4 
Bxd6 55.exd6 Re6+ 56.Kxf7 Rxd6 57.Nxg6 Rd2 58.Rf6 Ra8 59.Nf8+ Rxf8+ 60.
Kxf8 Ra2 61.Rb6 Ra3 62.Rc5 b3 63.Rcb5 a4 64.Ra5 Kc7 65.Rb4 Kc6 66.Ke7 Ra2 
67.Rab5 Re2+ 68.Kf6 Re1 69.Ra5 Ra1 70.Ke5 Ra2 71.Rab5 Rh2 72.Kd4 Rh4+ 73.
Kc3 Rh3+ 74.Kd2 Rh2+ 75.Ke3 a3 76.Rxb3 a2 77.Rb6+ Kc5 78.R3b5+ Kc4 79.Ra5 
Rh3+ 80.Kd2 Rh2+ 81.Kc1 Kc3 82.Ra3+ Kc4 83.Rba6 1-0

[Event "zonal 1.4 (w)"]
[Site "Nadole POL"]
[Date "1995.06.??"]
[Round "8"]
[White "Repkova, Eva"]
[Black "Krupkova, Petra"]
[Result "0-1"]
[WhiteElo "2250"]
[BlackElo "2195"]
[EventDate "1995.06.03"]
[PlyCount "66"]

1.e4 e5 2.Nf3 Nc6 3.Bb5 f5 4.Nc3 fxe4 5.Nxe4 d5 6.Nxe5 dxe4 7.Nxc6 Qg5 8.
Qe2 Nf6 9.f4 Qxf4 10.Ne5+ c6 11.d4 Qh4+ 12.g3 Qh3 13.Bc4 Be6 14.Bg5 Bd6 
15.O-O-O O-O-O 16.g4 Bxc4 17.Qxc4 Bxe5 18.dxe5 Qxg4 19.Rxd8+ Rxd8 20.h4 h6
21.exf6 hxg5 22.fxg7 gxh4 23.Qf7 e3 24.b3 e2 25.Qf8 h3 26.g8=Q Qxg8 27.
Qf5+ Rd7 28.Qxh3 Qg5+ 29.Kb1 Qe5 30.Re1 Kc7 31.Qf3 Rd2 32.Kc1 Rd1+ 33.Rxd1
Qa1+ 0-1

[Event "zonal 1.4 (w)"]
[Site "Nadole POL"]
[Date "1995.06.??"]
[Round "8"]
[White "Ptacnikova, Lenka"]
[Black "Holoubkova, Martina"]
[Result "1/2-1/2"]
[WhiteElo "2185"]
[BlackElo "2230"]
[EventDate "1995.06.03"]
[PlyCount "134"]

1.e4 e5 2.Nf3 Qe7 3.Nc3 Nf6 4.Bc4 h6 5.O-O d6 6.d4 Bg4 7.dxe5 dxe5 8.Nd5 
Qd6 9.h3 Bh5 10.Qd3 Nc6 11.c3 O-O-O 12.b4 Nxd5 13.exd5 Ne7 14.Qe4 f5 15.
Qxe5 Bxf3 16.Qxd6 Rxd6 17.gxf3 Nxd5 18.Re1 g6 19.Be3 Bg7 20.Bc5 Rdd8 21.
Bxd5 Rxd5 22.Rac1 b6 23.Be3 Rhd8 24.c4 Rd3 25.c5 Bc3 26.cxb6 axb6 27.Rf1 
g5 28.f4 g4 29.hxg4 fxg4 30.Rc2 Kb7 31.b5 Bb4 32.Kg2 R8d5 33.a4 Ra3 34.Rc4
Bd6 35.f5 g3 36.Bc1 Ra2 37.Bf4 Rxf5 38.Bxd6 cxd6 39.Kxg3 d5 40.Rg4 Kc7 41.
Rc1+ Kd6 42.Rc6+ Ke5 43.Rxb6 Raxf2 44.Rgg6 R5f3+ 45.Kg4 Ra3 46.Rge6+ Kd4 
47.Rxh6 Rxa4 48.Kg3 Raa2 49.Rbf6 Rg2+ 50.Kh3 Rgb2 51.b6 Rb3+ 52.Kg4 Rab2 
53.Rc6 Ke4 54.Rce6+ Kd4 55.Rc6 Rg2+ 56.Kf5 Rgb2 57.Rh4+ Kd3 58.Rh3+ Kd4 
59.Rxb3 Rxb3 60.Ke6 Ke4 61.Kd7 d4 62.Kc7 d3 63.Rd6 Ke3 64.b7 d2 65.b8=Q 
Rxb8 66.Kxb8 Ke2 67.Rxd2+ Kxd2 1/2-1/2

[Event "zonal 1.4 (w)"]
[Site "Nadole POL"]
[Date "1995.06.??"]
[Round "8"]
[White "Ciganikova, Andrea"]
[Black "Vajda, Szidonia"]
[Result "1/2-1/2"]
[WhiteElo "2115"]
[BlackElo "2205"]
[EventDate "1995.06.03"]
[PlyCount "107"]

1.e4 c5 2.Nc3 Nc6 3.g3 g6 4.Bg2 Bg7 5.d3 d6 6.Be3 e5 7.Qd2 Be6 8.f4 Nge7 
9.Nge2 Nd4 10.O-O Qd7 11.Nd5 Bxd5 12.exd5 Nxe2+ 13.Qxe2 O-O 14.fxe5 Bxe5 
15.c3 Bg7 16.Qd2 Rae8 17.Rae1 Kh8 18.Re2 Ng8 19.Ref2 Re7 20.Bf4 Rfe8 21.g4
Qxg4 22.Bxd6 Bh6 23.Bf4 Re2 24.Qc1 Bxf4 25.Qxf4 Qxf4 26.Rxf4 f5 27.R4f2 
R2e3 28.Rd2 Nf6 29.c4 Kg7 30.h3 Kf7 31.d4 Ne4 32.Bxe4 R8xe4 33.dxc5 Rxc4 
34.d6 Ke8 35.Rd5 Kd7 36.Kg2 b6 37.b4 Rc2+ 38.Rf2 Rxf2+ 39.Kxf2 Re8 40.Rd3 
bxc5 41.bxc5 Kc6 42.Rc3 g5 43.Kf3 Re4 44.Ra3 Kxc5 45.d7 Rd4 46.Rxa7 Kb6 
47.d8=Q+ Rxd8 48.Rxh7 Rd3+ 49.Ke2 Ra3 50.Rg7 Rxa2+ 51.Kf3 Ra3+ 52.Kg2 Ra2+
53.Kf3 Ra3+ 54.Kg2 1/2-1/2

[Event "zonal 1.4 (w)"]
[Site "Nadole POL"]
[Date "1995.06.??"]
[Round "9"]
[White "Lakos, Nikoletta"]
[Black "Chilingirova, Pavlina"]
[Result "0-1"]
[WhiteElo "2265"]
[BlackElo "2245"]
[EventDate "1995.06.03"]
[PlyCount "108"]

1.e4 c5 2.Nf3 d6 3.d4 Nf6 4.Nc3 cxd4 5.Nxd4 a6 6.Be3 e6 7.f3 b5 8.Qd2 Nbd7
9.g4 Nb6 10.Qf2 Nfd7 11.O-O-O Qc7 12.Bd3 Bb7 13.Kb1 Be7 14.h4 b4 15.Nce2 
d5 16.g5 Nc4 17.Bxc4 Qxc4 18.b3 Qc8 19.exd5 Bxd5 20.Nf5 exf5 21.Rxd5 O-O 
22.Rhd1 Nb8 23.Bc5 Nc6 24.Nd4 Nxd4 25.Qxd4 Bxc5 26.Rxc5 Qe6 27.Re5 Qc6 28.
Rxf5 Rac8 29.Rd2 g6 30.Rf6 Qb5 31.Qd3 Qe5 32.f4 Qe1+ 33.Rd1 Qxh4 34.Qxa6 
Qf2 35.Qd3 Rfe8 36.Rd6 Qxf4 37.Qd2 Qxd2 38.R1xd2 Rc5 39.R2d4 Re1+ 40.Kb2 
Re2 41.Rc4 Rxg5 42.Rxb4 Rc5 43.Rc4 Rxc4 44.bxc4 h5 45.c5 Re5 46.c6 Rc5 47.
Kb3 Kf8 48.c4 Ke7 49.Rd7+ Ke6 50.Rc7 h4 51.Kb4 h3 52.Rxf7 Kxf7 53.Kxc5 Ke7
54.Kb6 h2 0-1

[Event "zonal 1.4 (w)"]
[Site "Nadole POL"]
[Date "1995.06.??"]
[Round "9"]
[White "Ptacnikova, Lenka"]
[Black "Grabics, Monika"]
[Result "1/2-1/2"]
[WhiteElo "2185"]
[BlackElo "2315"]
[EventDate "1995.06.03"]
[PlyCount "22"]

1.c4 c5 2.Nc3 Nc6 3.g3 g6 4.Bg2 Bg7 5.e3 e6 6.Nge2 Nge7 7.O-O O-O 8.d3 d6 
9.Rb1 Rb8 10.a3 a6 11.Qc2 Qc7 1/2-1/2

[Event "zonal 1.4 (w)"]
[Site "Nadole POL"]
[Date "1995.06.??"]
[Round "9"]
[White "Repkova, Eva"]
[Black "Dworakowska, Joanna"]
[Result "1-0"]
[WhiteElo "2250"]
[BlackElo "2225"]
[EventDate "1995.06.03"]
[PlyCount "121"]

1.e4 c5 2.Nf3 d6 3.d4 cxd4 4.Nxd4 Nf6 5.Nc3 a6 6.Bc4 e6 7.Bb3 b5 8.O-O Be7
9.Qf3 Qc7 10.Qg3 Nc6 11.Be3 O-O 12.Nxc6 Qxc6 13.Bh6 Ne8 14.Nd5 Qb7 15.
Nxe7+ Qxe7 16.Rad1 Bb7 17.Rfe1 Kh8 18.Bg5 f6 19.Bf4 Rd8 20.Rd3 a5 21.a3 e5
22.Bd2 Ra8 23.Qh4 Bc8 24.f4 exf4 25.Qxf4 Ra6 26.Rd5 a4 27.Ba2 Be6 28.c4 
Bxd5 29.exd5 Qb7 30.Bc3 bxc4 31.Bxc4 Ra8 32.Qh4 Kg8 33.Re6 g6 34.Qe4 Rc8 
35.h4 Qc7 36.Bd3 Qc5+ 37.Bd4 f5 38.Rxg6+ hxg6 39.Qe6+ Kh7 40.Bxc5 Rxc5 41.
h5 Nf6 42.hxg6+ Kxg6 43.Qxf5+ Kf7 44.Qe6+ Kg7 45.Qe7+ Rf7 46.Qxd6 Rxd5 47.
Qg3+ Kf8 48.Qf3 Rd6 49.Bc4 Rfd7 50.Qa8+ Rd8 51.Qxa4 Rd1+ 52.Kh2 Kg7 53.
Qa7+ R8d7 54.Qc5 Kg6 55.Qc6 R7d6 56.Qf3 R6d4 57.Be6 Nh5 58.Bf7+ Kg5 59.
Qxh5+ Kf4 60.Be6 Ke3 61.Qf3+ 1-0

[Event "zonal 1.4 (w)"]
[Site "Nadole POL"]
[Date "1995.06.??"]
[Round "9"]
[White "Krupkova, Petra"]
[Black "Olarasu, Gabriela"]
[Result "1/2-1/2"]
[WhiteElo "2195"]
[BlackElo "2270"]
[EventDate "1995.06.03"]
[PlyCount "54"]

1.e4 e5 2.Nf3 Nc6 3.Nc3 Nf6 4.d4 exd4 5.Nxd4 Bb4 6.Nxc6 bxc6 7.Bd3 d5 8.
exd5 cxd5 9.O-O O-O 10.Bg5 c6 11.Ne2 Bd6 12.Qd2 h6 13.Bf4 Rb8 14.b3 c5 15.
Ng3 Bxf4 16.Qxf4 Rb4 17.c4 Re8 18.Rfe1 Rxe1+ 19.Rxe1 Be6 20.Qe3 Qd6 21.
cxd5 Nxd5 22.Qc1 Nf6 23.Bf5 Rd4 24.Bxe6 fxe6 25.Nf1 Nd5 26.g3 h5 27.Ne3 h4
1/2-1/2

[Event "zonal 1.4 (w)"]
[Site "Nadole POL"]
[Date "1995.06.??"]
[Round "9"]
[White "Nutu-Gajic, Daniela"]
[Black "Ciganikova, Andrea"]
[Result "1-0"]
[WhiteElo "2320"]
[BlackElo "2115"]
[EventDate "1995.06.03"]
[PlyCount "39"]

1.Nf3 Nf6 2.c4 c5 3.Nc3 Nc6 4.e3 d5 5.d4 dxc4 6.Bxc4 cxd4 7.exd4 e6 8.O-O 
Be7 9.a3 a6 10.Qd3 O-O 11.Rd1 b5 12.Ba2 Bb7 13.Be3 Rc8 14.d5 exd5 15.Nxd5 
Nxd5 16.Bxd5 Bf6 17.Qf5 Qe7 18.Bc5 Qe8 19.Bxf8 Qxf8 20.Be4 1-0

[Event "zonal 1.4 (w)"]
[Site "Nadole POL"]
[Date "1995.06.??"]
[Round "9"]
[White "Dojkova, Galina"]
[Black "Leszner, Liliana"]
[Result "0-1"]
[WhiteElo "2155"]
[BlackElo "2205"]
[EventDate "1995.06.03"]
[PlyCount "104"]

1.e4 d6 2.d4 g6 3.Nc3 Bg7 4.f4 Nc6 5.d5 Nd4 6.Nf3 Bg4 7.Be2 Bxf3 8.Bxf3 c5
9.dxc6 bxc6 10.O-O Rb8 11.Rb1 e6 12.Ne2 Nxf3+ 13.Rxf3 Ne7 14.Kh1 O-O 15.b3
d5 16.e5 c5 17.Be3 Qa5 18.a4 Rfd8 19.Qg1 d4 20.Bf2 g5 21.fxg5 Bxe5 22.Bg3 
Ng6 23.Qf2 Rb7 24.Rf1 Rdd7 25.Nf4 Bxf4 26.Bxf4 Nxf4 27.Rxf4 e5 28.Rh4 Qa6 
29.Rh6 Rb6 30.Qf5 Rg6 31.Re1 Re7 32.Kg1 Qe6 33.Rxg6+ hxg6 34.Qxe6 Rxe6 35.
Re4 Kf8 36.h4 Ke7 37.g4 f6 38.gxf6+ Kxf6 39.Kg2 a5 40.Kg3 c4 41.bxc4 Rc6 
42.h5 gxh5 43.gxh5 Rxc4 44.h6 Rc3+ 45.Kg4 Rxc2 46.Re1 Rh2 47.Rf1+ Ke6 48.
Kg5 d3 49.Kg6 e4 50.h7 d2 51.Rf6+ Ke5 52.Rf2 d1=Q 0-1